[Event "I Bahia Feliz GM"]
[Site "Bahia Feliz ESP"]
[Date "2011.05.18"]
[Round "6"]
[White "Granda Zuniga,J"]
[Black "Hertneck,G"]
[Result "1-0"]
[WhiteElo "2614"]
[BlackElo "2552"]

1.Nf3 Nf6 2.g3 g6 3.Bg2 d5 4.c4 c6 5.b3 Bg7 6.Bb2 O-O 7.O-O a5 8.d3 Na6 9.a3 Bg4
10.Nbd2 Qc8 11.Rc1 Nc7 12.Qc2 Bh3 13.cxd5 Nfxd5 14.Bxg7 Kxg7 15.e4 Bxg2 16.Kxg2 Nf6
17.d4 Ne6 18.Nc4 Rd8 19.Rfd1 Nf4+ 20.Kg1 Qh3 21.Ne1 Ne6 22.Qb2 Kg8 23.f3 Qh6
24.Nc2 a4 25.b4 Nc7 26.Rd3 Nfe8 27.Rcd1 Qg7 28.N2e3 Nb5 29.d5 Qxb2 30.Nxb2 Rdc8
31.e5 cxd5 32.Nxd5 Rc2 33.Nb6 Ra6 34.N2xa4 Nec7 35.R1d2 Rxd2 36.Rxd2 Nxa3
37.Rd7 Nab5 38.Rxe7 Kf8 39.Rd7 Ke8 40.e6 Nxe6 41.Rxb7 Nd8 42.Rb8 Nd4 43.Rc8 Nxf3+
44.Kf2 Ne5 45.b5 Ra7 46.Nc3 Rb7 47.Ncd5 f5 48.Ke3 Nf7 49.Kd4 Kf8 50.Kc5 Kg7
51.Nc7 Ra7 52.Nc4 Ra2 53.Ne8+ Kh6 54.Ned6 Ne6+ 55.Kd5 Nfd8 56.b6 Ra1 57.Nf7+ Nxf7
58.Kxe6 Ng5+ 59.Kd5 Rb1 60.Kc6 Ne6 61.b7 Nd4+ 62.Kc7 Ne6+ 63.Kd6 Rxb7 64.Kxe6 Kg5
65.Nd6 Rb6 66.Rc4 Kh6 67.Ke7 Kg7 68.Ne8+ Kg8 69.Rc8 f4 70.gxf4 Rb4 71.f5 gxf5
72.Kf6 h5 73.Nd6+ Kh7 74.Rc7+ Kg8 75.Nxf5 h4 76.Rg7+ Kh8 77.Rg6 Rb6+ 78.Kg5 Rxg6+
79.Kxg6 h3 80.Nd4  1-0

[Event "I Bahia Feliz GM"]
[Site "Bahia Feliz ESP"]
[Date "2011.05.19"]
[Round "7"]
[White "Bromberger,S"]
[Black "Granda Zuniga,J"]
[Result "1/2-1/2"]
[WhiteElo "2505"]
[BlackElo "2614"]

1.d4 Nf6 2.c4 e6 3.Nc3 Bb4 4.Qc2 O-O 5.e4 c5 6.e5 cxd4 7.a3 Qa5 8.axb4 Qxa1
9.exf6 dxc3 10.fxg7 Re8 11.bxc3 e5 12.Ne2 Re6 13.g3 Qa6 14.b5 Qa5 15.Bg2 a6
16.Qf5 Qc7 17.Be4 Rg6 18.b6 Qxc4 19.Qf3 Nc6 20.Bxg6 hxg6 21.Qe3 Kxg7 22.h4 d6
23.h5 Bf5 24.Rh4 Qd3 25.Qg5 Rg8 26.Qh6+ Kf6 27.Bg5+ Ke6 28.Qh7 Qb1+ 29.Nc1 Ne7
30.h6 Rc8 31.Qg7 Nd5 32.c4 Nf4 33.Qf6+ Kd7 34.Qxf7+ Kc6 35.Bxf4 exf4 36.Qd5+ Kxb6
37.Qd4+ Kc7 38.Qxf4 Bd3 39.Kd2 Qc2+ 40.Ke3 Re8+ 41.Kf3 Be4+ 42.Kg4 Bf5+ 43.Kg5 Re4
44.h7 Rxf4 45.gxf4 Qxc1 46.h8=Q Qg1+ 47.Kf6 Qa1+ 48.Ke7 Qxh8 49.Rxh8 b5 50.cxb5 axb5
51.Rd8 b4 52.Rxd6 b3 53.Rd4 Kc6 54.Rb4 Bc2 55.Kf6  1/2-1/2

[Event "I Bahia Feliz GM"]
[Site "Bahia Feliz ESP"]
[Date "2011.05.20"]
[Round "8"]
[White "Granda Zuniga,J"]
[Black "Ragger,M"]
[Result "1-0"]
[WhiteElo "2614"]
[BlackElo "2674"]

1.Nf3 d5 2.g3 c6 3.Bg2 Bg4 4.Ne5 Bf5 5.d4 Nd7 6.Nd3 e6 7.O-O Ngf6 8.Nd2 Be7
9.b3 O-O 10.Bb2 c5 11.dxc5 Nxc5 12.Bxf6 gxf6 13.Nxc5 Bxc5 14.e4 dxe4 15.Bxe4 Bd4
16.Rb1 Bxe4 17.Nxe4 f5 18.Nd2 Bg7 19.Qe2 Qa5 20.a4 Qc3 21.Nc4 f4 22.gxf4 Qf6
23.Qe4 Bh6 24.f5 exf5 25.Qxb7 Kh8 26.Qf3 Qh4 27.Kh1 Qe4 28.Qxe4 fxe4 29.Rbd1 f5
30.Rd7 Rf6 31.Rfd1 Rg8 32.R1d6 Rfg6 33.Rxg6 hxg6 34.Rxa7 Rd8 35.Kg2 f4 36.Re7 Rd4
37.a5 Bf8 38.Re8 Kg7 39.a6 f3+ 40.Kh3 Rd7 41.Rxe4 Bc5 42.Kg3 Rf7 43.Re6 Ba7
44.Ne5 Bb8 45.Kg4  1-0

[Event "31st Benasque Open"]
[Site "Benasque ESP"]
[Date "2011.07.07"]
[Round "1"]
[White "Granda Zuniga,J"]
[Black "Sanchez Garcia,Ma"]
[Result "1-0"]
[WhiteElo "2616"]
[BlackElo "1986"]

1.d4 Nf6 2.c4 e6 3.Nc3 Bb4 4.e3 c5 5.Ne2 cxd4 6.exd4 d5 7.a3 Be7 8.c5 Nc6
9.b4 e5 10.dxe5 Nxe5 11.Nd4 O-O 12.Be2 Ne4 13.Bb2 Ng6 14.O-O Bf6 15.Re1 Be5
16.Nxe4 dxe4 17.Bf1 Re8 18.g3 f5 19.f4 Bf6 20.Qb3+ Kh8 21.Rad1 Qe7 22.Bc4 Nf8
23.Nb5 Be6 24.Bxf6 gxf6 25.Nd6 Red8 26.Bxe6 Nxe6 27.Nxf5 Qf7 28.Nd6 Qg8 29.Rxe4  1-0

[Event "31st Benasque Open"]
[Site "Benasque ESP"]
[Date "2011.07.08"]
[Round "2"]
[White "Donoso Sanchez,A"]
[Black "Granda Zuniga,J"]
[Result "0-1"]
[WhiteElo "2183"]
[BlackElo "2616"]

1.e4 e5 2.Nf3 Nc6 3.Bb5 a6 4.Ba4 Nge7 5.O-O d6 6.c3 b5 7.Bb3 Na5 8.Ng5 Nxb3
9.Qxb3 d5 10.exd5 Qxd5 11.Qxd5 Nxd5 12.Re1 f6 13.Ne4 Kf7 14.d3 Be7 15.Be3 Bb7
16.Bc5 Nf4 17.Bxe7 Nxd3 18.Rd1 Bxe4 19.Ba3 c5 20.Nd2 Bg6 21.b3 Rhd8 22.Nf3 Bh5
23.Rd2 Bxf3 24.gxf3 c4 25.Rad1 Rd5 26.Rb1 Rad8 27.bxc4 bxc4 28.Rb7+ R8d7
29.Rb6 Nf4 30.Rxd5 Rxd5 31.h4 Ra5 32.Rb7+ Kg6 33.Bf8 Ne6 34.h5+ Kh6 35.Bb4 Rxa2
36.Rb6 Nf4 37.Bf8 Nxh5 38.Rb4 a5 39.Rxc4 a4 40.Rc7 a3 41.Ra7 Ra1+ 42.Kh2 a2
43.c4 Rc1 44.Rxa2 Rxc4 45.Ra7 Kg6 46.Rb7 Rc8 47.Bd6 Rc2 48.Kg1 Nf4 49.Bf8 Ne6
50.Bd6 h5 51.Rb8 Rd2 52.Be7 Rd7 53.Bb4 Kf5  0-1

[Event "31st Benasque Open"]
[Site "Benasque ESP"]
[Date "2011.07.09"]
[Round "3"]
[White "Granda Zuniga,J"]
[Black "Ambartsumova,K"]
[Result "1-0"]
[WhiteElo "2616"]
[BlackElo "2303"]

1.Nf3 d5 2.g3 Nf6 3.Bg2 c6 4.b3 Bf5 5.Bb2 e6 6.O-O h6 7.d3 Be7 8.Nfd2 O-O
9.e4 Bh7 10.Nc3 a5 11.a4 Na6 12.Kh1 Nb4 13.f4 Qb6 14.e5 Nd7 15.Nf3 c5 16.Nb5 Rfd8
17.Ne1 c4 18.bxc4 dxc4 19.d4 Rac8 20.c3 Nd3 21.Nxd3 Bxd3 22.Re1 Nb8 23.Ba3 Bxa3
24.Rxa3 Nc6 25.Ra2 Ne7 26.Rb2 Nd5 27.Qd2 Rb8 28.h3 Qc6 29.Kh2 Qd7 30.Bf1 Nb6
31.Qd1 Bxf1 32.Rxf1 Nd5 33.Qf3 Nb6 34.Ra1 Nd5 35.g4 Qc6 36.Kg3 Nb6 37.f5 Qxf3+
38.Kxf3 Nd5 39.Rc1 Rdc8 40.Nd6 Rc7 41.Ke4 Kf8 42.Rb5 b6 43.fxe6 fxe6 44.Rf1+ Kg8
45.Rxd5 exd5+ 46.Kxd5 Rf8 47.Rxf8+ Kxf8 48.e6 g6 49.Nb5  1-0

[Event "31st Benasque Open"]
[Site "Benasque ESP"]
[Date "2011.07.10"]
[Round "4"]
[White "Rubio Mejia,L"]
[Black "Granda Zuniga,J"]
[Result "1/2-1/2"]
[WhiteElo "2417"]
[BlackElo "2616"]

1.d4 e6 2.c4 Bb4+ 3.Bd2 Qe7 4.Nf3 Nf6 5.g3 b6 6.Bg2 Bb7 7.O-O Bxd2 8.Qxd2 O-O
9.Nc3 d6 10.Qc2 c5 11.e4 Nc6 12.Rad1 cxd4 13.Nxd4 Rfc8 14.b3 a6 15.Qd2 Rd8
16.Rfe1 Qc7 17.Rc1 Nxd4 18.Qxd4 Rac8 19.e5 dxe5 20.Qxe5 Qxe5 21.Rxe5 Bxg2
22.Kxg2 Rd3 23.Ree1 b5 24.Red1 bxc4 25.bxc4 Rxd1 26.Nxd1 Ne4 27.Ne3 f5 28.Rb1 Rd8
29.Nf1 Rd4 30.Rb6 Rxc4 31.Rxa6 Rc2 32.Rxe6 Rxf2+ 33.Kg1 Rxa2 34.h4 Re2 35.Rb6 Kf7
36.Ra6 h6 37.Rb6 Nf6 38.Rd6 Nh5 39.Ra6 f4 40.gxf4 Nxf4 41.Nh2 Rg2+ 42.Kh1 Rg3
43.Ra4 Ne2 44.Rg4 Rxg4 45.Nxg4 Kg6 46.Kh2 Kh5 47.Ne3 Kxh4 48.Nf5+ Kg5 49.Nxg7 Nd4
50.Kh3 Kg6 51.Ne8 Nb5 52.Kh4 Kf7 53.Kh5 Kxe8 54.Kxh6  1/2-1/2

[Event "31st Benasque Open"]
[Site "Benasque ESP"]
[Date "2011.07.11"]
[Round "5"]
[White "Granda Zuniga,J"]
[Black "Komljenovic,D"]
[Result "1-0"]
[WhiteElo "2616"]
[BlackElo "2446"]

1.d4 g6 2.e4 Bg7 3.Nc3 d6 4.Be3 a6 5.a4 b6 6.g3 Bb7 7.Bg2 Nf6 8.Nge2 O-O
9.O-O e5 10.d5 a5 11.h3 Na6 12.g4 h6 13.Ng3 Kh7 14.Qd2 Nc5 15.Bf3 Ng8 16.Kg2 Ne7
17.Rg1 c6 18.dxc6 Nxc6 19.Nb5 Ba6 20.Qxd6 Qxd6 21.Nxd6 Rad8 22.Nb5 Nd4 23.Bd1 Bb7
24.f3 Bf6 25.h4 Nce6 26.Rh1 Be7 27.h5 Bg5 28.hxg6+ fxg6 29.Nxd4 exd4 30.Bxg5 Nxg5
31.Be2 Rc8 32.Rac1 Ne6 33.Rhd1 Rfd8 34.Kf2 Nf4 35.Bb5 Kg7 36.Ne2 Ne6 37.b3 Kf6
38.Bc4 Nc5 39.Nxd4 Nxa4 40.Nb5 Nb2 41.Rxd8 Rxd8 42.Be2 Ba6 43.Nc3 Bxe2 44.Kxe2 a4
45.bxa4 Rc8 46.Nd5+ Ke5 47.Nxb6 Rc6 48.a5  1-0

[Event "31st Benasque Open"]
[Site "Benasque ESP"]
[Date "2011.07.12"]
[Round "6"]
[White "Jansa,Vl"]
[Black "Granda Zuniga,J"]
[Result "0-1"]
[WhiteElo "2493"]
[BlackElo "2616"]

1.e4 c5 2.Nf3 Nc6 3.Bb5 Nf6 4.Nc3 e6 5.e5 Nd5 6.O-O Be7 7.d3 O-O 8.Ne4 f5
9.Bxc6 dxc6 10.Ng3 Bd7 11.b3 Be8 12.c4 Nb4 13.d4 cxd4 14.a3 Na6 15.Nxd4 Nc7
16.Bb2 c5 17.Nde2 Bc6 18.Qc2 Qe8 19.Rad1 f4 20.Ne4 f3 21.N2g3 Qg6 22.Rd2 fxg2
23.Rfd1 Bh4 24.Nxc5 Bxg3 25.Qxg6 Bxh2+ 26.Kxh2 hxg6 27.Kg1 Bf3 28.Re1 Rf5
29.Re3 Raf8 30.Ne4 g5 31.Rxf3 Rxf3 32.b4 R3f4 33.Nd6 Rg4 34.Nxb7 Rxc4 35.Nc5 Rg4
36.Rd4 Rff4 37.Rd8+ Kh7 38.Rd3 Rxf2  0-1

[Event "31st Benasque Open"]
[Site "Benasque ESP"]
[Date "2011.07.13"]
[Round "7"]
[White "Granda Zuniga,J"]
[Black "Petrosian,TL"]
[Result "1/2-1/2"]
[WhiteElo "2616"]
[BlackElo "2636"]

1.d4 d5 2.c4 c6 3.Nc3 Nf6 4.cxd5 cxd5 5.Bf4 Nc6 6.e3 a6 7.Bd3 Bg4 8.Nf3 e6
9.Qb3 Bxf3 10.gxf3 Bd6 11.Bg3 O-O 12.O-O Na5 13.Qc2 Rc8 14.Rfc1 Be7 15.Qd1 Nc4
16.Rc2 Qd7 17.Rac1 Nb6 18.Kg2 Nh5 19.Nb1 Rxc2 20.Rxc2 Rc8 21.Nd2 Nxg3 22.hxg3 g6
23.f4 Rxc2 24.Qxc2 Qc8 25.Qd1 h5 26.Nf3 Nd7 27.Ne5 Nxe5 28.fxe5 Qc6 29.Qc2 Qxc2
30.Bxc2 Bb4 31.e4 dxe4 32.Bxe4 b6 33.d5 exd5 34.Bxd5 Bc5 35.e6 fxe6 36.Bxe6+ Kg7  1/2-1/2

[Event "31st Benasque Open"]
[Site "Benasque ESP"]
[Date "2011.07.14"]
[Round "8"]
[White "Naroditsky,D"]
[Black "Granda Zuniga,J"]
[Result "1/2-1/2"]
[WhiteElo "2451"]
[BlackElo "2616"]

1.e4 c6 2.d4 d5 3.e5 Bf5 4.Nd2 e6 5.Nb3 Nd7 6.Nf3 Nh6 7.Be2 Bg6 8.O-O Be7
9.Bf4 O-O 10.Qd2 Nf5 11.c3 a5 12.g4 Nh4 13.Nxh4 Bxh4 14.Be3 a4 15.Nc1 f6
16.f4 fxe5 17.dxe5 Be7 18.Nd3 Qa5 19.Rac1 b6 20.b4 axb3 21.axb3 Qa2 22.Qd1 Bc5
23.Bd4 Be4 24.Rf2 Qa7 25.b4 Be7 26.Be3 c5 27.Rf1 Bxd3 28.Bxd3 cxb4 29.cxb4 Bxb4
30.g5 Rfc8 31.Qg4 Nf8 32.f5 Qa3 33.Rcd1 Rc3 34.Qe2 Bc5 35.fxe6 Bxe3+ 36.Qxe3 Nxe6
37.Qh3 Nxg5 38.Qf5 h6 39.e6 Qc5+ 40.Kh1 Kh8 41.h4 Ne4 42.Bxe4 dxe4 43.Qxc5 Rxc5
44.e7 Rcc8 45.Rfe1 Re8 46.Rxe4 b5 47.Re5 Rab8 48.Rb1 b4 49.Kg2 Kh7 50.Re4 b3
51.Re3 b2 52.Re2 Kg6 53.Rbxb2 Rxe7 54.Rxb8 Rxe2+ 55.Kf3 Ra2 56.Rb5 Ra3+ 57.Kg2 Kf6
58.Rb6+ Kf5 59.Rb7 g6 60.Rb5+ Kg4 61.Rb4+  1/2-1/2

[Event "31st Benasque Open"]
[Site "Benasque ESP"]
[Date "2011.07.15"]
[Round "9"]
[White "Granda Zuniga,J"]
[Black "Pardo Simon,D"]
[Result "1-0"]
[WhiteElo "2616"]
[BlackElo "2388"]

1.d4 d5 2.Nf3 Nf6 3.g3 c6 4.Bg2 Bf5 5.O-O e6 6.c4 Nbd7 7.b3 Bd6 8.Bb2 O-O
9.Nc3 Ne4 10.e3 Nxc3 11.Bxc3 b5 12.c5 Bc7 13.a4 Qb8 14.axb5 Qxb5 15.Ra3 a5
16.Qa1 Nf6 17.Rc1 Bd3 18.Ne1 Be2 19.f3 h5 20.Rc2 Bd3 21.Rca2 Rfb8 22.Qc1 Bg6
23.b4 h4 24.g4 axb4 25.Rxa8 bxc3 26.Qxc3 Rxa8 27.Rxa8+ Kh7 28.Ra2 Qb1 29.Rf2 Qb8
30.Bf1 e5 31.Rb2 Qe8 32.Ng2 h3 33.Nh4 e4 34.Nxg6 fxg6 35.g5 exf3 36.gxf6  1-0

[Event "31st Benasque Open"]
[Site "Benasque ESP"]
[Date "2011.07.16"]
[Round "10"]
[White "Delchev,A"]
[Black "Granda Zuniga,J"]
[Result "1/2-1/2"]
[WhiteElo "2622"]
[BlackElo "2616"]

1.Nf3 Nf6 2.c4 b6 3.g3 c5 4.Bg2 Bb7 5.O-O g6 6.d4 cxd4 7.Qxd4 Bg7 8.Nc3 d6
9.Rd1 Nbd7 10.Be3 Rc8 11.Rac1 O-O 12.Qh4 Re8 13.b3 Qc7 14.Bh6 Qb8 15.Bxg7 Kxg7
16.Qd4 Bc6 17.Bh3 Rc7 18.Ne1 Nc5 19.Nc2 Ne4 20.Nxe4 Bxe4 21.Ne3 h5 22.Qb2 b5
23.cxb5 Rxc1 24.Rxc1 Qxb5 25.Rc7 Qa5 26.Rc1 Rb8 27.Nc4  1/2-1/2

[Event "5th AD San Juan Open"]
[Site "Pamplona ESP"]
[Date "2011.07.25"]
[Round "1"]
[White "Granda Zuniga,J"]
[Black "Arrese-Igor Sanchez,Cesareo"]
[Result "1-0"]
[WhiteElo "2616"]
[BlackElo "2126"]

1.d4 Nf6 2.c4 e5 3.dxe5 Ne4 4.Nd2 Nc5 5.b4 Ne6 6.a3 a5 7.b5 b6 8.Bb2 Bb7
9.Ngf3 d6 10.exd6 Bxd6 11.g3 Nd7 12.Bg2 O-O 13.O-O Ndc5 14.Qc2 Qe8 15.e3 Rd8
16.Rad1 f5 17.Nd4 Bxg2 18.Kxg2 f4 19.Nxe6 Nxe6 20.exf4 Bxf4 21.Nf3 Rxd1 22.Rxd1 Bd6
23.Qd3 Kh8 24.Re1 Qd7 25.Qd5 Nc5 26.Re3 Rf5 27.Ne5 Bxe5 28.Qa8+  1-0

[Event "5th AD San Juan Open"]
[Site "Pamplona ESP"]
[Date "2011.07.26"]
[Round "2"]
[White "Simonian,H"]
[Black "Granda Zuniga,J"]
[Result "0-1"]
[WhiteElo "2461"]
[BlackElo "2616"]

1.e4 c5 2.Nc3 Nc6 3.Bb5 g6 4.Bxc6 bxc6 5.d3 Bg7 6.Nge2 d6 7.Bd2 h5 8.O-O Nh6
9.Qc1 Kf8 10.f4 Kg8 11.Na4 Kh7 12.Bc3 f6 13.b3 e5 14.fxe5 fxe5 15.h3 g5 16.Bd2 Kg6
17.Qe1 h4 18.Kh1 Qe7 19.Ng1 Bd7 20.Qe3 Nf7 21.Rf2 Nd8 22.Nf3 Bh6 23.Qe2 Ne6
24.Raf1 Raf8 25.Nh2 Nf4 26.Bxf4 gxf4 27.Nf3 Kh7 28.Qe1 Bg7 29.Qa5 Bf6 30.c4 Bc8
31.Nc3 Qb7 32.a3 Qb6 33.Qxb6 axb6 34.b4 Rf7 35.Rb1 Ra7 36.Ra2 cxb4 37.axb4 Rxa2
38.Nxa2 Be6 39.b5 Ra8 40.Nb4 cxb5 41.cxb5 Ra4 42.Nc6 Ra3 43.Nb4 Kg6 44.Nd2 Rc3
45.Ra1 Rc5 46.Na6 Rxb5 47.Rb1 Rxb1+ 48.Nxb1 f3 49.Kg1 Bg5 50.Kf2 fxg2 51.Kxg2 Bb3
52.Nb4 Be3 53.Kf3 Bc5 54.Na6 Bd1+ 55.Kg2 Bc2  0-1

[Event "5th AD San Juan Open"]
[Site "Pamplona ESP"]
[Date "2011.07.26"]
[Round "3"]
[White "Granda Zuniga,J"]
[Black "Castellanos Rodriguez,R"]
[Result "1/2-1/2"]
[WhiteElo "2616"]
[BlackElo "2497"]

1.d4 Nf6 2.c4 g6 3.Nc3 Bg7 4.e4 d6 5.Be2 O-O 6.Bg5 h6 7.Be3 c5 8.d5 e6 9.Nf3 exd5
10.exd5 Ng4 11.Bd2 Nd7 12.O-O f5 13.Ne1 Ngf6 14.g3 Ne5 15.Ng2 Re8 16.f4 Ned7
17.Bf3 Nf8 18.Qc2 Bd7 19.Ne3 a6 20.a4 Qc7 21.Kg2 Re7 22.Rae1 Rae8 23.Ned1 Rxe1
24.Rxe1 Rxe1 25.Bxe1 Bc8 26.Nf2 Qe7 27.Bd2 N8d7 28.a5 h5 29.h3 Ne8 30.Na4 Bd4
31.Bc3 Qe3 32.Qd2 Qxd2 33.Bxd2 Nef6 34.Nd3 Kf7 35.Nc1 Ne8 36.Ne2 Bf6 37.g4 hxg4
38.hxg4 Ng7 39.g5 Bd8 40.b3 Ne8 41.Nc1 Bc7 42.Nd3 b6 43.axb6 Nxb6 44.Nab2 Bd7
45.b4 cxb4 46.Nxb4 a5 47.Na6 a4 48.Bb4 Bd8 49.Nb8 Bc7 50.Nxd7 Nxd7 51.Nxa4 Nb6
52.Nb2 Nd7 53.Bd1 Bb6 54.Bc3 Nc5 55.Bc2 Nc7 56.Kf3 N7a6 57.Nd1 Nd7 58.Ne3 Bxe3
59.Kxe3 Ndc5 60.Kd2 Nd7 61.Ba5 Ndc5 62.Kc3 Ke7 63.Kb2 Nb8 64.Ka3 Nba6 65.Bb6 Nd7
66.Be3 Ndc5 67.Bd2 Kf7 68.Bc3 Ke7 69.Bd4 Kf7 70.Bf2 Ke7 71.Be3 Kf7 72.Ba4 Nd3
73.Bd7 Nac5 74.Bc8 Ke7 75.Ka2 Kd8 76.Be6 Ke7 77.Bc8 Kd8 78.Be6 Ke7 79.Bc8  1/2-1/2

[Event "5th AD San Juan Open"]
[Site "Pamplona ESP"]
[Date "2011.07.27"]
[Round "4"]
[White "Venkatesh,M"]
[Black "Granda Zuniga,J"]
[Result "0-1"]
[WhiteElo "2480"]
[BlackElo "2616"]

1.Nf3 d5 2.g3 Nf6 3.Bg2 c6 4.b3 Bf5 5.Bb2 e6 6.d3 h6 7.Nbd2 a5 8.a3 Bh7 9.O-O Nbd7
10.Qe1 Bc5 11.e4 O-O 12.Kh1 b5 13.Nh4 Qb6 14.Qe2 e5 15.f4 Rfe8 16.Rae1 dxe4
17.dxe4 Bd6 18.Rd1 Qc7 19.f5 Nc5 20.h3 Qe7 21.g4 Nb7 22.Nhf3 Nc5 23.Qe1 Rad8
24.Rg1 g5 25.fxg6 fxg6 26.g5 Nfd7 27.gxh6 Ne6 28.Qg3 Nf4 29.Bf1 Bxa3 30.Bxa3 Qxa3
31.Ng5 Nf6 32.Nc4 Qc5 33.Rxd8 Rxd8 34.Ne3 Rf8 35.c4 b4 36.Ng4 Nd7 37.Nh2 Kh8
38.Nxh7 Kxh7 39.Nf3 Qe7 40.Ng5+ Kxh6 41.c5 Nh5 42.Qe3 Rf4 43.Bc4 Nxc5 44.Qe2 a4
45.bxa4 Nxa4 46.Ne6 Nc3 47.Qg2 Qf6 48.Nxf4 Nxf4 49.Qf3 Qh4 50.Bf7 Nxe4 51.Kh2 Ng5
52.Rxg5 Kxg5 53.Qe3 Kh6 54.Be6 Qg5 55.Bg4 Nd5 56.Qc5 Qf4+ 57.Kh1 b3  0-1

[Event "5th AD San Juan Open"]
[Site "Pamplona ESP"]
[Date "2011.07.28"]
[Round "5"]
[White "Granda Zuniga,J"]
[Black "Ortiz Suarez,I"]
[Result "1/2-1/2"]
[WhiteElo "2616"]
[BlackElo "2556"]

1.d4 d5 2.c4 c6 3.Nc3 Nf6 4.e3 e6 5.Nf3 Nbd7 6.Bd3 dxc4 7.Bxc4 b5 8.Bd3 Bd6
9.Bd2 Bb7 10.O-O a6 11.b4 O-O 12.Qb1 Qe7 13.Ne2 e5 14.Ng3 g6 15.a3 Rfe8 16.Ng5 Bc7
17.Qb3 Rad8 18.Rad1 Ng4 19.N5e4 Qh4 20.h3 Ngf6 21.Rfe1 Nxe4 22.Nxe4 c5 23.Nxc5 Nxc5
24.dxc5 Bxg2 25.Kxg2 e4 26.Be2 Qg5+ 27.Kf1 Bh2 28.Bg4 h5 29.f4 Qh4 30.Re2 Bg3
31.Bc8 Rd3 32.Bc3 Rxc8 33.Rxd3 Qxh3+ 34.Kg1 exd3 35.Rg2 Rd8 36.Qd1 h4 37.Rd2 Qf5
38.Kg2 Qe4+ 39.Qf3 f5 40.Qxe4 fxe4 41.Rd1 Kf7 42.Kh3 Ke6 43.Kg4 Kd5 44.Rc1 Kc6
45.Bd2 Rh8 46.Kh3 Rh5 47.Kg4 Bf2 48.Kh3 a5 49.bxa5 Rxc5 50.Rxc5+ Kxc5 51.Kg4 Kc6
52.Kh3 Kb7 53.Kg4 Ka6 54.Kh3 Ka7 55.Kg4 Kb7 56.Kh3 Ka6 57.Kg4 Kb7 58.Kh3 Kc6
59.Kg4 Kd5 60.Kh3 Kc6  1/2-1/2

[Event "5th AD San Juan Open"]
[Site "Pamplona ESP"]
[Date "2011.07.29"]
[Round "6"]
[White "Moreno Ruiz,J"]
[Black "Granda Zuniga,J"]
[Result "0-1"]
[WhiteElo "2545"]
[BlackElo "2616"]

1.d4 d5 2.c4 c6 3.Nc3 Nf6 4.cxd5 cxd5 5.Bf4 Nc6 6.e3 a6 7.Rc1 Bf5 8.Nf3 Rc8
9.Ne5 Nxe5 10.Bxe5 Nd7 11.Qb3 Qb6 12.Qxb6 Nxb6 13.Be2 f6 14.Bf4 e6 15.g4 Bg6
16.h4 h6 17.O-O Kd7 18.Kg2 Bb4 19.g5 hxg5 20.hxg5 Bf5 21.Rg1 fxg5 22.Bxg5 Rc6
23.Bf4 Rhc8 24.Kf1 g6 25.Rh1 g5 26.Bxg5 Na4 27.a3 Nxc3 28.axb4 Nxe2 29.Rxc6 Rxc6
30.Kxe2 Rc2+ 31.Kd1 Rxf2 32.b3 Rb2 33.Rh8 Rxb3 34.Rg8 Rxb4 35.Bf4 b6 36.Kd2 Rb3
37.Rg1 Kc6  0-1

[Event "5th AD San Juan Open"]
[Site "Pamplona ESP"]
[Date "2011.07.29"]
[Round "7"]
[White "Granda Zuniga,J"]
[Black "Iturrizaga,E"]
[Result "1/2-1/2"]
[WhiteElo "2616"]
[BlackElo "2603"]

1.Nf3 c5 2.b3 b6 3.c4 Bb7 4.Bb2 e6 5.e3 Nf6 6.d4 cxd4 7.exd4 Bb4+ 8.Nbd2 O-O
9.Bd3 d5 10.O-O Nc6 11.Qe2 Rc8 12.Rfd1 Re8 13.Nf1 Ne7 14.Ne5 Ng6 15.Bxg6 hxg6
16.c5 bxc5 17.a3 Ba5 18.dxc5 Bc7 19.b4 Nd7 20.Nxd7 Qxd7 21.b5 Ba8 22.c6 Qd6
23.Qd3 Red8 24.Re1 d4 25.a4 a6 26.Ba3 Qd5 27.Rec1 e5 28.Nd2 Rb8 29.Rab1 f5
30.f3 Kh7 31.Qc4 axb5 32.axb5 e4 33.fxe4 fxe4 34.Qxd5 Rxd5 35.Nxe4 Rdxb5
36.Rxb5 Rxb5 37.Bd6 Bb6 38.Bf4 d3+ 39.Kf1 Rb2 40.h4 Rc2 41.Rxc2 dxc2 42.Ng5+ Kg8
43.Ke2 Bxc6 44.Kd2 Bxg2 45.Bg3 Kf8 46.Kxc2 Ke7 47.Kd3 Kf6 48.Be1 Kf5 49.Bc3 Bf2
50.Bxg7 Bxh4 51.Nf7 Bd5 52.Nd6+ Kf4 53.Kd4 Bc6 54.Bh6+  1/2-1/2

[Event "5th AD San Juan Open"]
[Site "Pamplona ESP"]
[Date "2011.07.30"]
[Round "8"]
[White "Delchev,A"]
[Black "Granda Zuniga,J"]
[Result "0-1"]
[WhiteElo "2622"]
[BlackElo "2616"]

1.d4 d5 2.c4 c6 3.Nc3 Nf6 4.e3 a6 5.Nf3 b5 6.b3 g6 7.Be2 Nbd7 8.O-O Bb7 9.Bb2 Bg7
10.cxd5 cxd5 11.a4 b4 12.Na2 a5 13.Nc1 O-O 14.Nd3 Qb6 15.Rc1 Rfc8 16.Nde5 Nxe5
17.Nxe5 Ne4 18.Qd3 Nc3 19.Bxc3 Ba6 20.Nd7 Qd6 21.Qd1 Bxe2 22.Qxe2 Rxc3 23.Qb5 Rac8
24.Nc5 e5 25.Rcd1 exd4 26.exd4 Bxd4 27.Nb7 Qe5 28.Nxa5 R3c5 29.Qa6 Bc3 30.Nb7 R5c6
31.Qb5 Qc7 32.a5 d4 33.Rd3 Rb8 34.a6 Ra8 35.Na5 Rcxa6 36.Nc4 Re6 37.Qd5 Rd8
38.Qf3 Rde8 39.g3 Qa7 40.Qd5 R8e7 41.h4 h5 42.Kg2 Qa2 43.Rf3 Qxb3 44.Rxf7 Rxf7
45.Qxe6 Kg7 46.Qe5+ Kh7 47.Nd6 d3 48.Qb5 Re7 49.Qxd3 Qe6 50.Nb5 Qc6+ 51.Kg1 Rd7
52.Qe2 Bg7 53.Rb1 Qc5 54.Kf1 Rd5 55.Nc7 Qxc7 56.Rxb4 Qd7 57.Kg2 Rd2 58.Qe4 Qf7
59.Qf4 Qd5+ 60.Kh2 Re2  0-1

[Event "5th AD San Juan Open"]
[Site "Pamplona ESP"]
[Date "2011.07.31"]
[Round "9"]
[White "Granda Zuniga,J"]
[Black "Damljanovic,B"]
[Result "1/2-1/2"]
[WhiteElo "2616"]
[BlackElo "2611"]

1.d4 d6 2.Nf3 Nf6 3.g3 g6 4.Bg2 Bg7 5.O-O O-O 6.c4 c6 7.Nc3 Qa5 8.e4 e5 9.h3 Be6
10.Qe2 exd4 11.Nxd4 Re8 12.Bf4 Nh5 13.Be3 Nd7 14.Rac1 Nc5 15.Rfd1 Qb4 16.Bf1 a5
17.a3 Qb6 18.Nxe6 Rxe6 19.Na4 Qc7 20.Bxc5 dxc5 21.Nxc5 Re7 22.Bg2 f5 23.Qd3 f4
24.g4 Nf6 25.Qb3 Kh8 26.e5 Qxe5 27.Nxb7 Qc7 28.Nd6 Nd7 29.Qf3 Rf8 30.Qxc6 Qxc6
31.Bxc6 Bxb2 32.Rb1 Bxa3 33.Rb7 Bxd6 34.Rxd6 Re1+ 35.Kg2 Ne5 36.Bd5 f3+ 37.Kg3 Rg1+
38.Kh4 Rh1 39.Re6 g5+ 40.Kxg5 Nf7+ 41.Kh4 Nd8 42.Ree7 Nxb7 43.Rxb7 Rf1 44.Kg3 Rg1+
45.Kh4 Rf1 46.Rb2 Re1 47.Kg3 Rg1+ 48.Kh2 Ra1 49.c5 Rc1 50.Rb5 a4 51.Ra5 Rd8
52.Bxf3 Rc3 53.Be4 Rd2 54.Kg2 a3 55.Ra8+ Kg7 56.Ra7+ Kf6 57.Bxh7 a2 58.Bg8 Rcc2
59.Kg3 Rxf2 60.c6 Rfd2 61.Kh4 Rd8 62.g5+ Ke5 63.Bxa2 Rh8+ 64.Kg4 Rxc6 65.Re7+ Kd4
66.Rd7+ Ke5 67.Rd5+ Ke4 68.Rd1 Ke3 69.Bf7  1/2-1/2

[Event "XVII Navalmoral Open"]
[Site "Navalmoral de la Mata ESP"]
[Date "2011.12.03"]
[Round "1"]
[White "Granda Zuniga,J"]
[Black "Figuero Toro,J"]
[Result "1-0"]
[WhiteElo "2636"]
[BlackElo "2236"]

1.d4 g6 2.e4 Bg7 3.Nf3 c5 4.d5 d6 5.h3 Nf6 6.Nc3 O-O 7.a4 Na6 8.Be2 Nc7 9.Bf4 Nd7
10.Qd2 a6 11.O-O Rb8 12.Bh6 b5 13.Bxg7 Kxg7 14.axb5 axb5 15.b4 Kg8 16.Rfb1 Na6
17.Nxb5 Nxb4 18.Na7 Nf6 19.c3 Nxe4 20.Qh6 Na6 21.Re1 Nc7  1-0

[Event "XVII Navalmoral Open"]
[Site "Navalmoral de la Mata ESP"]
[Date "2011.12.04"]
[Round "2"]
[White "Gonzalez Perez,A"]
[Black "Granda Zuniga,J"]
[Result "0-1"]
[WhiteElo "2474"]
[BlackElo "2636"]

1.d4 Nf6 2.c4 e6 3.Nf3 b6 4.g3 Bd6 5.Qc2 Bb7 6.Bg2 c5 7.d5 exd5 8.cxd5 Bxd5
9.O-O Nc6 10.Nc3 Bxf3 11.Bxf3 Be7 12.Rd1 Qc8 13.Bg5 O-O 14.Qf5 Nd4 15.Rxd4 cxd4
16.Bxf6 Bxf6 17.Bxa8 dxc3 18.Be4 Re8 19.Qxh7+ Kf8 20.bxc3 g6 21.Bd5 Bg7 22.e4 Qxc3
23.Rb1 Rc8 24.Qh3 Ke7 25.Qh4+ Qf6 26.Qxf6+ Bxf6 27.Bb3 b5 28.h4 a5 29.Bd5 Rc5
30.Kf1 a4 31.Ke2 Rc2+ 32.Ke3 Bb2 33.a3 f5 34.exf5 gxf5 35.h5 Kf6 36.Bb7 Kg5
37.Kd3 Rxf2 38.Ba6 b4 39.axb4 a3 40.Bc4 Bf6 41.b5 a2 42.Bxa2 Rxa2 43.b6 Rb2  0-1

[Event "XVII Navalmoral Open"]
[Site "Navalmoral de la Mata ESP"]
[Date "2011.12.04"]
[Round "3"]
[White "Granda Zuniga,J"]
[Black "Khamrakulov,I"]
[Result "1/2-1/2"]
[WhiteElo "2636"]
[BlackElo "2518"]

1.d4 Nf6 2.c4 e6 3.Nc3 Bb4 4.Qc2 c5 5.dxc5 Na6 6.Bd2 Nxc5 7.e3 O-O 8.f3 d5
9.a3 Bxc3 10.Bxc3 Bd7 11.b4 Na4 12.Be5 dxc4 13.Qxc4 Nd5 14.Qd4 f6 15.Bd6 Re8
16.e4 Ndc3 17.e5 Bb5 18.Ne2 Rc8 19.Nxc3 Nxc3 20.exf6 e5 21.Qg4 Qxf6 22.Bxb5 Nxb5
23.Bc5 Qf4 24.Qd7 Qc4 25.Rd1 Nd4 26.Bxd4 exd4+ 27.Kf2 Qe2+ 28.Kg3 Qe5+ 29.Kh3 Rc6
30.Rxd4 Rh6+ 31.Rh4 Rxh4+ 32.Kxh4 Rf8 33.Qxb7 Qf6+ 34.Kh3 Qh6+ 35.Kg3 Qg6+
36.Kh3 Qh5+ 37.Kg3 Qe5+ 38.Kh3 Qh5+  1/2-1/2

[Event "XVII Navalmoral Open"]
[Site "Navalmoral de la Mata ESP"]
[Date "2011.12.05"]
[Round "4"]
[White "Koziak,V"]
[Black "Granda Zuniga,J"]
[Result "0-1"]
[WhiteElo "2494"]
[BlackElo "2636"]

1.e4 c5 2.c3 Nf6 3.e5 Nd5 4.Nf3 Nc6 5.d4 cxd4 6.Bc4 Nb6 7.Bb3 g6 8.Ng5 d5
9.exd6 e6 10.Qf3 Ne5 11.Qe4 Bg7 12.cxd4 Nec4 13.Nc3 O-O 14.Qd3 Nxd6 15.Nf3 Bd7
16.Bg5 Qe8 17.O-O Rc8 18.Rfe1 Nbc4 19.Nd5 f6 20.Bf4 g5 21.Bxd6 Nxd6 22.Nc3 Kh8
23.Rad1 g4 24.Ne5 fxe5 25.dxe5 Qf7 26.exd6 Qxf2+ 27.Kh1 Qxb2 28.Ne4 h6 29.Re2 Qd4
30.Qb1 Qb6 31.Ng3 Rf2 32.Rxf2 Qxf2 33.Rf1 Qd2 34.Ne4 Qd4 35.Rd1 Qb2 36.Qd3 Rc1
37.h3 gxh3 38.Qxh3 Rxd1+ 39.Bxd1 Qc1 40.Qd3 b6 41.Kh2 Qf4+ 42.g3 Qf5 43.Bc2 Qd5
44.a3 Qxd3 45.Bxd3 Be5 46.Bc2 Bc6 47.a4 Kg7 48.Kh3 Kf7 49.Kg4 Bxe4 50.Bxe4 Bxd6
51.Bd3 Kf6 52.Bc4 Bc7 53.Kf3 Ke5 54.Ke3 Bd8 55.Kd3 Kf5 56.g4+ Ke5 57.Ke3 Bg5+
58.Kd3 Bf4 59.Ba6 Kd5 60.Bc4+ Kd6 61.Ba6 Kc5 62.Bc8 e5 63.Ba6 Kb4 64.Bb5 a6
65.Bc6 Bg3 66.Be8 Bf2 67.Bd7 Bc5 68.Be8 Bd6 69.Ke4 b5 70.axb5 a5 71.Kd3 Kb3
72.Bf7+ Kb2 73.b6 a4  0-1